| 000 | 01389cam a2200301 a 4500 | ||
|---|---|---|---|
| 001 | 000006945 | ||
| 005 | 20200929154028.0 | ||
| 008 | 960301s1992 sp ab b 100 0 spa d | ||
| 020 | _a8478201319 | ||
| 040 |
_aDO-SdBNP _bspa _cBNPHU |
||
| 245 | 0 | 0 |
_aAragón, litoral mediterráneo : _bintercambios culturales durante la prehistoria / _ccoordinadora, Pilar Utrilla Miranda. |
| 260 |
_aZaragoza : _bInstitución Fernando el Católico, _c1992. |
||
| 300 |
_a660 p. : _bil., maps. , gráf. ; _c31 cm. |
||
| 490 | 1 |
_aInstitución Fernando el Católico _v1302 |
|
| 500 | _a"En homenaje a Juan Maluquer de Motes." | ||
| 500 | _aDocumentos presentados en un seminario patrocinado por la Institución "Fernando el Católico". | ||
| 500 | _aEn la cubierta: Ponencias y comunicaciones. | ||
| 504 | _aContiene referencias bibliográficas y notas al pie de las páginas | ||
| 650 | 0 |
_aPrehistoria _zEspaña _zAragón _919276 |
|
| 650 | 0 |
_aAntiguedades _zEspaña _zAragón _919277 |
|
| 650 | 0 |
_aExcavaciones (arqueología) _zEspaña _zAragón _919278 |
|
| 651 | 0 |
_aAragón (España{Rpara} _xAntiguedades _919279 |
|
| 600 | 1 | 0 |
_aMaluquer de Motes y Nicolau, Juan. _919280 |
| 700 | 1 |
_aUtrilla Miranda, Pilar, _ecoord. _919281 |
|
| 700 | 1 |
_aMaluquer de Motes y Nicolau, Juan. _919280 |
|
| 710 | 1 |
_aInstitución "Fernando el Católico." _919282 |
|
| 830 | 0 |
_aInstitución "Fernando el Católico" _v1302 _916722 |
|
| 999 |
_c6729 _d6729 |
||